|
|
|
|
| LEADER |
00000nam2a2200000 4500 |
| 001 |
90956 |
| 005 |
20231031103824.0 |
| 035 |
|
|
|a (RuTPU)RU\TPU\book\97527
|
| 090 |
|
|
|a 90956
|
| 100 |
|
|
|a 20060217d1976 m y0rusy50 ca
|
| 101 |
0 |
|
|a rus
|
| 102 |
|
|
|a RU
|
| 105 |
|
|
|a a j 001zy
|
| 200 |
0 |
|
|a Ч. 1: Отопление
|
| 210 |
|
|
|d 1976
|
| 215 |
|
|
|a 280 с.
|c ил.
|
| 320 |
|
|
|a Библиогр.: с. 278.
|
| 461 |
|
1 |
|0 (RuTPU)RU\TPU\book\44278
|t Отопление и вентиляция
|o учебник для вузов
|o в 2 т.
|f В. Ф. Дроздов
|v Ч. 1: Отопление
|d 1976-
|
| 610 |
1 |
|
|a отопление
|
| 610 |
1 |
|
|a теплопередача
|
| 610 |
1 |
|
|a водяное отопление
|
| 610 |
1 |
|
|a системы центрального теплоснабжения
|
| 610 |
1 |
|
|a нагревательные приборы
|
| 610 |
1 |
|
|a трубопроводы
|
| 610 |
1 |
|
|a гидравлический расчет
|
| 610 |
1 |
|
|a паровые системы
|
| 610 |
1 |
|
|a панельно-лучистое отопление
|
| 610 |
1 |
|
|a воздушное отопление
|
| 610 |
1 |
|
|a печное отопление
|
| 610 |
1 |
|
|a электрическое отопление
|
| 610 |
1 |
|
|a комбинированные системы
|
| 610 |
1 |
|
|a газовое отопление
|
| 610 |
1 |
|
|a регулирование
|
| 610 |
1 |
|
|a устойчивость
|
| 610 |
1 |
|
|a сельскохозяйственные сооружения
|
| 610 |
1 |
|
|a сельскохозяйственные здания
|
| 610 |
1 |
|
|a учебники
|
| 675 |
|
|
|a 697(075.8)
|v 3
|
| 801 |
|
1 |
|a RU
|b 63413507
|c 20060217
|g PSBO
|
| 801 |
|
2 |
|a RU
|b 63413507
|c 20230503
|g PSBO
|
| 942 |
|
|
|c BK
|